01013nam a22002417a 4500999001700000003000900017008004100026040007100067082001500138100002100153245007100174260003200245300004200277505017100319650002100490650002000511650003400531650002400565700005000589942001600639945002100655952009500676 c19107d19107AR-CdUCM190516b ||||| |||| 00| 0 spa d aMUNICIPALIDAD PROVINCIAL DEL CUSCOcBIBLIOTECA MUNICIPAL DEL CUSCO a573 /bH92 aHulse, Frederick aLa especie Humana :bintroducción a la antropología física / aEspaña :bAguilar,c1968. a469 paginas ;bIlustraciones,c22 cm. aContenido : Que es el hombre -- La cualidades de la vida -- La transmisión de la vida -- Las variedades de la vida -- Ecología y evolución de los vertebrados... aEl hombre916004 aEspecies940237 aConducta y evolución940238 aLa naturaleza96689 aEscolar Bareño, Luis (Traducción)940239 2ddccLIBROS awntsd2019-05-16 002ddc4070aSCbSCcCARTd2019-05-16g50.00o573 / H92pSC0000001765r2019-05-16yLIBROS